2024 Grand Slam Of Darts - Statistics

General Stats
  • This quiz has been taken 77 times
  • The average score is 22 of 32
Answer Stats
Nationality Answer % Correct
ENG Luke Humphries
98%
SCO Gary Anderson
94%
ENG Michael Smith
94%
ENG Luke Littler
92%
NED Michael van Gerwen
92%
SCO Peter Wright
90%
ENG Ross Smith
90%
BEL Dimitri Van den Bergh
88%
BEL Mike De Decker
83%
ENG Rob Cross
81%
AUT Mensur Suljovic
71%
NED Danny Noppert
69%
NIR Mickey Mansell
69%
AUT Rowby-John Rodriguez
69%
NIR Josh Rock
67%
USA Leonard Gates
67%
ENG Dave Chisnall
65%
GER Martin Schindler
65%
ENG Ritchie Edhouse
65%
ENG Stephen Bunting
60%
SCO Cameron Menzies
58%
NED Gian van Veen
58%
ENG James Wade
58%
PHI Lourence Ilagan
56%
ENG Martin Lukeman
56%
IRE Keane Barry
54%
ENG Beau Greaves
50%
NED Jermaine Wattimena
50%
NED Wessel Nijman
50%
NED Noa-Lynn Van Leuven
48%
ENG Ryan Joyce
33%
ENG Connor Scutt
25%
No matching quizzes found
Score Distribution
Percent of People with Each Score
Percentile by Number Answered
Your Score History
You have not taken this quiz